000 00553nam a22001817a 4500
005 20231124124054.0
008 231124b |||||||| |||| 00| 0 eng d
020 _a070212219 X
041 _aEnglish
082 _a340.5 SEY
100 _aBekker, JC
_lEnglish
245 _aSeymour's Customary Law in Southern Africa /
_cJC Bekker
250 _aFifth Edition
260 _aCape Town :
_bJuta and Company Ltd,
_c1989
300 _bxxiii, 441 pages ;
_c25,5 cm.
650 _aLegal practice
_bLaw
942 _cBK
_6ALISON_BN_VRIES
999 _c945
_d945